000 00861nas a2200277 a 4500
003 BLK
005 20250725181426.0
007 ta
008 240715b bu ||||| |||| 00| 0 bu d
022 _a2974-9638
040 _aBLK
041 _aBUL
_cBUL
080 _aЛитература на отделни езици и езикови семейства
_b821
_z821-93
_x-93
245 _aМагически аудио приказки
246 _aDisney Магически аудио приказки
260 _9490633
_aNovara
_bDe Agostini
_c2023
300 _c27 см
310 _aДвуседмично изд.
362 _aБр. № 1 (2023)-
380 _aDX
856 _i0.00
_ldisable
942 _cPRD
_n0
_022
944 _cИваничка Йорданова
_k30531
_lЦветелина Шанова
999 _c513706
_d513706
999 _d513706
999 _d513706